01647nam a22002177a 4500003000900000008004100009040007100050082002000121245008800141260003200229300004500261440006900306505089400375650002301269650002601292650002401318650001301342700001701355700002701372700003001399AR-CdUCM190429b ||||| |||| 00| 0 spa d aMUNICIPALIDAD PROVINCIAL DEL CUSCOcBIBLIOTECA MUNICIPAL DEL CUSCO aCuzco/N°4/1942 aRevista Cuzco :bpublicación mensual /cÁngel G. Appiani S. director y fundador aCuzco :bH.G. Rozas,c1942. a40 páginas. :bilustraciones ;c34 cm. aCuzco revista mensual.nAño II, N°4, octubre, noviembre 1942. aContenido: Homenaje de la docencia universitaria. -- Carta a Ángel Appiani muerto a la hora del alba. Luis Nieto. -- Piedras blancas los amigos de Ángel Appiani. -- Sociología peruana los peores enemigos de los incas. John H. Rowe. -- Arqueología nacional las canteras de Cachi ccata. Antonio Astete Abrill. -- Ensayos folkloricos juegos infantiles del Chinchaysuyo Chawi Chuncay. -- Problemas sociales de América el desarrollo de una comunidad indígena. Federico Ponce de León.-- Los grandes novelistas de América el mundo es ancho y ajeno de Ciro Alegría. José Gabriel Cosio. -- En la region del Madre de Dios cuadro lacerante del más terrible ascetismo. -- Los Amaru mayos del río mar de Amazonas. -- Temas de nuestro tiempo la prensa en la batalla por la cultura. Julio G. Gutiérrez. -- La medicina aborigen del antiguo Perú. -- Párrafos de Víctor Hugo. aHistoria del Cusco aLiteratura cusqueña aPoesía cusqueña aSiglo XX aRowe, John H aAstete Abrill, Antonio aPonce de León, Federico